000 00473nam a2200181Ia 4500
001 20822
005 20260306172834.0
008 260306t2010||||xx |||||||||||||| ||spa||
041 _aESP
082 _a343.8
_bD67
100 _aFuentes Acurio, Sandro
_eAUT
245 0 _aLos recursos procedimentales tributarios y otros recursos administrativos
260 _c2010
300 _a199 páginas :
_c24 cm.
650 _aGEN
654 _aCDE
942 _cLIB
_dJUS
_fJUS
_2ddc
_n
999 _c20822
_d20822